A quick method for preparation of sheet rubber (Record no. 74734)

MARC details
000 -LEADER
fixed length control field 00484nam a22001097a 4500
100 ## - MAIN ENTRY--AUTHOR NAME
Personal name Thomas, V
245 ## - TITLE STATEMENT
Title A quick method for preparation of sheet rubber
260 ## - PUBLICATION, DISTRIBUTION, ETC. (IMPRINT)
Name of publisher PLACROSYM XXIV: Coping with Pandemic and Beyond: Research and Innovations in the Plantation Crops Sector, 14-16 December 2021, Indian Cardamom Research Institute, Kochi, India, Book of Abstracts, p. 243
650 ## - SUBJECT ADDED ENTRY--TOPICAL TERM
Topical Term Rubber sheet, Coagulant, Smoke drying, Vulcanizate property
700 ## - ADDED ENTRY--PERSONAL NAME
Personal name Joseph, J
942 ## - ADDED ENTRY ELEMENTS (KOHA)
Koha item type Journals
Holdings
Withdrawn status Lost status Damaged status Not for loan Home library Current library Date acquired Koha item type
        RRII Library RRII Library 07/07/2022 Journals